Flow visualization : (Record no. 5313)

MARC details
000 -LEADER
fixed length control field 00752nac a22002051u 4500
010 ## - LIBRARY OF CONGRESS CONTROL NUMBER
LC control number 00053898
020 ## - INTERNATIONAL STANDARD BOOK NUMBER
International Standard Book Number 1860941931 (alk. paper)
082 00 - DEWEY DECIMAL CLASSIFICATION NUMBER
Classification number 681.28
Item number SMI.
090 ## - LOCALLY ASSIGNED LC-TYPE CALL NUMBER (OCLC); LOCAL CALL NUMBER (OCLC)
-- 5313
-- 5313
100 ## - MAIN ENTRY--PERSONAL NAME
Personal name Smits, A.J.[ed.]
245 00 - TITLE STATEMENT
Title Flow visualization :
Remainder of title techniques and examples /
Statement of responsibility, etc editors, A.J. Smits, T.T. Lim.
260 ## - PUBLICATION, DISTRIBUTION, ETC. (IMPRINT)
Place of publication, distribution, etc River Edge, NJ :
Name of publisher, distributor, etc Imperial College Press :
-- Distributed by World Scientific Publ.,c.2000.
Date of publication, distribution, etc c.2000.
300 ## - PHYSICAL DESCRIPTION
Extent xii, 396 p. :
Other physical details ill. (some col.) ;
Dimensions 24 cm.
500 ## - GENERAL NOTE
General note Distributer : Al Ahram.
504 ## - BIBLIOGRAPHY, ETC. NOTE
Bibliography, etc Includes bibliographical references.
511 ## - PARTICIPANT OR PERFORMER NOTE
Participant or performer note Catalogued By : Mahitab.
650 #0 - SUBJECT ADDED ENTRY--TOPICAL TERM
Topical term or geographic name as entry element Flow visualization.
700 1# - ADDED ENTRY--PERSONAL NAME
Personal name Lim, T. T.
942 ## - ADDED ENTRY ELEMENTS (KOHA)
Item type Book - Borrowing
Call number prefix 681.28SMI.
Holdings
Withdrawn status Item status Damaged status Not for loan Home library Current library Shelving location Date acquired Source of acquisition Total Checkouts Full call number Barcode Date last seen Koha item type
        Central Library Central Library First floor 23/10/2007 Purchase   681.28SMI. 000006755 15/07/2025 Book - Borrowing